Colours In Minecraft - Statistics

General Stats
  • This quiz has been taken 230 times
  • The average score is 15 of 16
Answer Stats
Answer % Correct
Black
99%
Pink
99%
White
99%
Yellow
99%
Blue
98%
Gray
98%
Green
98%
Orange
98%
Red
98%
Brown
97%
Purple
97%
Light blue
82%
Light gray
81%
Lime
81%
Cyan
79%
Magenta
78%
No matching quizzes found
Score Distribution
Percent of People with Each Score
Percentile by Number Answered
Your Score History
You have not taken this quiz